Evaluación y optimización del canal El Gallito.

Đã lưu trong:
Chi tiết về thư mục
Tác giả chính: Vargas González, Andrés
Định dạng: Sách
Được phát hành: [San José , Costa Rica] 1986
Những chủ đề:
Các nhãn: Thêm thẻ
Không có thẻ, Là người đầu tiên thẻ bản ghi này!

MARC

LEADER 00000nam a2200000Ia 4500
003 004076
005 20221231144353.0
008 140114s1986 cr a m 000 ||s d
040 |c cru CEDI  
090 |a TFG 1846 
100 |a Vargas González, Andrés  |9 14097 
245 |a Evaluación y optimización del canal El Gallito. 
260 |c 1986  |a [San José , Costa Rica] 
300 |a  xii, 255 hojas : ilustraciones ; 27 cm  
500 |a  Proyecto de graduación (licenciatura en ingeniería civil)--Universidad de Costa Rica. Facultad de Ingeniería. Escuela de Ingeniería Civil 
650 |x SUMINISTRO DE AGUA - SAN RAFAEL (HEREDIA, COSTA RICA)  |9 14098 
942 |c TFG  |2 ddc 
999 |c 20876  |d 20876